000 00255nam a2200109Ia 4500
008 240625s9999 xx 000 0 und d
041 _aeng
082 _a005.74 PRA
100 _aPRATT PHILIP J
245 _aCONCEPTS OF DATABASE MANAGEMENT
260 _c2007
999 _c38158
_d38158